00509 2200193 4500001002100000005001500021035002000036007000300056008004100059020001500100082000600115084001200121100002000133245005900153250001000212260004900222300003400271990001000305INLIS00000000000753020210318021133 a0010-0321000900ta210318 g | ind  a9795533967 aF aF AMI c0 aAmiruddin Maula1 aCerita Rakyat Dari Kalimantan Timur /cAmiruddin Maula acet.7 aJakarta :bPT. Gramedia Pustaka Utama,c1994 a56 hlm :b. ;c13,5 x 20,5 cm a5852a